The Cambridge shorter history of India / (Record no. 23261)

MARC details
000 -LEADER
campo de control de longitud fija 00585nam a2200193 i 4500
001 - NÚMERO DE CONTROL
campo de control 23261
003 - IDENTIFICADOR DE NÚMERO DE CONTROL
campo de control ES-MaACL
005 - FECHA Y HORA DE LA ÚLTIMA TRANSACCIÓN
campo de control 20230906152836.0
007 - CAMPO FIJO DE DESCRIPCIÓN FÍSICA--INFORMACIÓN GENERAL
campo de control de longitud fija t|
008 - DATOS DE LONGITUD FIJA--INFORMACIÓN GENERAL
campo de control de longitud fija 021209s1934 xxk ||||1| eng d
100 1# - ENTRADA PRINCIPAL--NOMBRE DE PERSONA
Nombre de persona Allan, Juan.
9 (RLIN) 19957
245 14 - MENCIÓN DEL TÍTULO
Título The Cambridge shorter history of India /
Mención de responsabilidad, etc. by J. Allan, T. Wolseley Haig, H.H. Dodwell.
260 ## - PUBLICACIÓN, DISTRIBUCIÓN, ETC.
Lugar de publicación, distribución, etc. Cambridge :
Nombre del editor, distribuidor, etc. The University Press,
Fecha de publicación, distribución, etc. 1934.
300 ## - DESCRIPCIÓN FÍSICA
Extensión XIX, 970 p. ;
Dimensiones 20 cm.
651 #4 - PUNTO DE ACCESO ADICIONAL DE MATERIA--NOMBRE GEOGRÁFICO
Nombre geográfico India-
Subdivisión general Historia.
9 (RLIN) 145400
700 1# - ENTRADA AGREGADA--NOMBRE PERSONAL
Nombre de persona Haig, T. Wolseley.
9 (RLIN) 61485
700 1# - ENTRADA AGREGADA--NOMBRE PERSONAL
Nombre de persona Dodwell, H. H.
9 (RLIN) 44978
852 ## - LOCALIZACIÓN
Ubicación ES-MaACL
Número de control de estantería A-3038
Holdings
Estatus retirado Estado de pérdida Estado de daño No para préstamo Biblioteca de origen Biblioteca actual Ubicación en estantería Fecha de adquisición Fuente de adquisición Total de préstamos Signatura topográfica completa Código de barras Visto por última vez Precio de reemplazo Tipo de ítem Koha
        Biblioteca del Ateneo de Madrid Biblioteca del Ateneo de Madrid Sala Pecera Planta 1 17/01/2008     A-3038 1023966 23/02/2023 23/02/2023 Libro impreso